| 000 | 00429nam a2200169Ia 4500 | ||
|---|---|---|---|
| 999 |
_c8602 _d8602 |
||
| 020 | _a9789351502425 | ||
| 082 | _a155.93 PRE-; | ||
| 100 | _aPreitler, Barbara | ||
| 245 | 0 | _aGrief and disappearance: psychosocial interventions | |
| 260 |
_aNew Delhi _bSage Publications _c2015 |
||
| 300 | _axi, 229p | ||
| 650 | _aGRIEF | ||
| 650 | _aMISSING PERSONS | ||
| 650 | _aPSYCHOTIC DEPRESSION | ||
| 700 | _aSkala, Julia | ||
| 942 | _cBK | ||